Bersolat : Solat subuh,zuhur,asar,maghrib & isyak solat Lelaki

Bibliographic Details
Format: Book
Published: Kuala Lumpur : Al-Mehrab ePublisher , 2004
Series:Marilah Kita
Subjects:

MARC

LEADER 00000cam a2200000 7i4500
001 0000007086
005 20151222.0
008 070828
020 |a 9832625351 
090 0 0 |a JF   |b REG MAL (6935) 
245 1 0 |a Bersolat :   |b Solat subuh,zuhur,asar,maghrib & isyak solat Lelaki 
260 |a Kuala Lumpur :   |b Al-Mehrab ePublisher ,   |c 2004 
300 |a 1 Compact Disk 
440 |a Marilah Kita 
500 |a Children ages 7-9 years old (orange) 
650 0 |a Religion   |x Study and teaching 
999 |a 0000988710   |b Book   |c Children Collection   |e Perbadanan Perpustakaan Awam Johor 
999 |a 0000988711   |b Book   |c Children Collection   |e Cawangan Mersing 
999 |a 0000988712   |b Book   |c Children Collection   |e Perbadanan Perpustakaan Awam Johor 
999 |a 0000988713   |b Book   |c Children Collection   |e Perbadanan Perpustakaan Awam Johor 
999 |a 0000988714   |b Book   |c Children Collection   |e Perbadanan Perpustakaan Awam Johor 
999 |a CD00988710   |b CD-ROM   |c REFERENCE   |e Perbadanan Perpustakaan Awam Johor 
999 |a CD00988711   |b CD-ROM   |c REFERENCE   |e Perbadanan Perpustakaan Awam Johor 
999 |a CD00988712   |b CD-ROM   |c REFERENCE   |e Perbadanan Perpustakaan Awam Johor 
999 |a CD00988713   |b CD-ROM   |c REFERENCE   |e Perbadanan Perpustakaan Awam Johor 
999 |a CD00988714   |b CD-ROM   |c REFERENCE   |e Perbadanan Perpustakaan Awam Johor